Socio-economic factors affecting growth of micro and small scale manufacturing enterprises : (Record no. 29840)

000 -LEADER
fixed length control field nam a22 7a 4500
003 - CONTROL NUMBER IDENTIFIER
control field OSt
005 - DATE AND TIME OF LATEST TRANSACTION
control field 20181101100937.0
008 - FIXED-LENGTH DATA ELEMENTS--GENERAL INFORMATION
fixed length control field 180920b xxu||||| |||| 00| 0 eng d
050 ## - LIBRARY OF CONGRESS CALL NUMBER
Classification number HD9736 .I52M83 2011
Item number .152M83 2011
100 ## - MAIN ENTRY--PERSONAL NAME
Personal name Mukabana Floice Okenzo
245 ## - TITLE STATEMENT
Title Socio-economic factors affecting growth of micro and small scale manufacturing enterprises :
Remainder of title a survey of select firms in the food and beverage industry in Kenya/
260 ## - PUBLICATION, DISTRIBUTION, ETC. (IMPRINT)
Place of publication, distribution, etc. Kenya :
Name of publisher, distributor, etc. Floice Mukabana,
Date of publication, distribution, etc. 2011.
300 ## - PHYSICAL DESCRIPTION
Extent xii, 77p. :
Other physical details ill. ;
Dimensions 30cm.
521 ## - TARGET AUDIENCE NOTE
Target audience note MBA
650 ## - SUBJECT ADDED ENTRY--TOPICAL TERM
Topical term or geographic name as entry element Small business
650 ## - SUBJECT ADDED ENTRY--TOPICAL TERM
Topical term or geographic name as entry element Manufacturing industries
General subdivision Kenya
942 ## - ADDED ENTRY ELEMENTS (KOHA)
Source of classification or shelving scheme
Koha item type Thesis And Dissertation
Classification part HD9736 .I52M83 2011
Holdings
Withdrawn status Lost status Source of classification or shelving scheme Damaged status Not for loan Home library Current library Shelving location Date acquired Total Checkouts Full call number Barcode Date last seen Price effective from Koha item type
          MACHAKOS UNIVERSITY LIBRARY MACHAKOS UNIVERSITY LIBRARY Africana 20/09/2018   HD9736 .I52M83 2011 TD16 16/11/2018 20/09/2018 Thesis And Dissertation
© Machakos University Library, Along The Highway, Machakos Wote Rd, Machakos, Kenya P.O. Box 136 - 90100 Machakos - Kenya

Tel: ( +254 ) 723 805829 OR Fax : 044-20353 OR Email: library@mksu.ac.ke